00471 a2200169 450000100060000002000060000604000240001210000220003624000370005824500320009530000060012736200090013365000310014294200070017395201040018099900170028445981 a  cAnchieta - Aquarius aBrasileiro, Jonar10aO presente de Zé Doidinholpor10aO presente de Zé Doidinho a 0 a2001 4aLiteratura infanto-juvenil cBK 00104070a87.1b87.1d2023-11-21l0o028.5 BRA PREp3389/AQUr2023-11-21 15:12:19w2023-11-21yBK c45981d45981